| 000 | 00634nam a2200205Ia 4500 | ||
|---|---|---|---|
| 008 | 191130s2000##################000#0#eng## | ||
| 020 | _a9781858988702 | ||
| 040 |
_aACL _cACL |
||
| 082 | _a381.1721 KLE | ||
| 245 |
_aThe economic theory of auctions _cedited by Paul Klemperer |
||
| 250 | _a1st ed | ||
| 260 |
_aAldershot, Hants, England ; Brookfield, Vt., USA _bE. Elgar Pub _c2000 |
||
| 300 | _ax, 679 p. : ill. ; 25 cm. | ||
| 500 | _aIncludes bibliographical references and indexes | ||
| 650 | _aAuctions | ||
| 700 | _aKlemperer, Paul | ||
| 990 | _aa0e6977dac10000c2ec01b079397e06a | ||
| 991 | _a338205 | ||
| 999 |
_c306588 _d306588 |
||